| 000 | 01011cad a22002175a 4500 | ||
|---|---|---|---|
| 001 | L158496 | ||
| 008 | 150319s2015 xxkd f s 000 0 eng d | ||
| 035 | _a(Sirsi) u158496 | ||
| 041 | 0 | _aeng | |
| 110 | 2 |
_aInvestment Property Databank _92288 |
|
| 245 | 0 | 0 |
_aIPD UK residential investment index 2014 _bresults for the year ending 31 December 2014 _h[electronic resource] |
| 260 |
_aLondon _bIPD _c2015 |
||
| 520 | _aMeasures ungeared total returns to directly held market lease like standing property investments from one open market valuation to the next. Total return index, total return%, income return%, capital growth% and annualised total return%. Index covers 2001-2014. | ||
| 590 | _aKA | ||
| 650 | 2 | 4 | _aIPD UK RESIDENTIAL INVESTMENT INDEX |
| 651 | 4 |
_aUnited Kingdom _y |
|
| 690 |
_aInvestments _96250 |
||
| 690 |
_aResidential property _96266 |
||
| 856 | 4 | 0 |
_uhttps://www.ipd.com/real-estate-indexes/geography/market.html?country=UK&col=2 _zView the item free of charge at www.ipd.com |
| 942 | _n0 | ||
| 999 |
_c115345 _d115345 |
||